[Event "Trophée IMMOPAR dep"]
[Site "?"]
[Date "1990.??.??"]
[Round "?"]
[White "Kasparov, Gary"]
[Black "Korchnoi, Viktor L"]
[Result "1/2-1/2"]
[WhiteElo "2800"]
[BlackElo "2625"]
[PlyCount "132"]
[EventDate "1990.??.??"]
[Source "www.chesslib.no"]
[SourceDate "2004.05.04"]

1. c4 e5 2. Nc3 Nc6 3. g3 g6 4. Bg2 Bg7 5. Rb1 a5 6. a3 Nge7 7. e3 d6 8. b4 axb4 9. axb4 O-O 10. Nge2 Be6 11. b5 Na5 12. d3 c6 13. O-O d5 14. cxd5 cxd5 15. Ba3 Re8 16. Bb4 b6 17. Ra1 Qd7 18. Bxa5 Rxa5 19. Rxa5 bxa5 20. Qa4 d4 21. exd4 exd4 22. Ne4 Rb8 23. Rb1 Qd8 24. Nf4 Bf5 25. Qa2 Bxe4 26. Bxe4 Be5 27. Nd5 Nxd5 28. Bxd5 Qc7 29. Bc4 Bd6 30. Re1 Kg7 31. Re4 Be5 32. h4 h5 33. Qe2 Bf6 34. Qd1 Qc5 35. Rf4 Rb7 36. Qf3 Rb6 37. Qa8 Qc7 38. Qxa5 Rb7 39. Qa6 Rb6 40. Qa8 Rb7 41. Qe8 Qe7 42. Qc6 Rc7 43. Qf3 Qd6 44. Qe4 Re7 45. Qa8 Qb6 46. Kg2 Qd6 47. Re4 Rxe4 48. Qxe4 Bd8 49. Qb7 Bc7 50. Qc8 Qe7 51. Bd5 Qd6 52. Be4 Qc5 53. Qd7 Qd6 54. Qe8 Qd8 55. Qc6 Qd6 56. Qc4 Bb6 57. Bd5 Qc7 58. Qa2 Qa7 59. Qc4 Qe7 60. Kf3 Qc7 61. Qxc7 Bxc7 62. Ke4 Ba5 63. Kxd4 Be1 64. f4 Bxg3 65. f5 Bxh4 66. fxg6 fxg6 1/2-1/2

[Event "47th New York Masters"]
[Site "New York"]
[Date "2003.03.11"]
[Round "4"]
[White "Ehlvest, Jaan"]
[Black "Stripunsky, Alexander"]
[Result "1-0"]
[WhiteElo "2702"]
[BlackElo "2648"]
[PlyCount "111"]
[EventDate "2003.03.11"]
[Source "Roberto Alvarez"]
[SourceDate "2003.05.19"]

1. c4 e5 2. g3 Nc6 3. Bg2 g6 4. Nc3 Bg7 5. Rb1 d6 6. b4 Nh6 7. b5 Nd4 8. e3 Ne6 9. Nge2 O-O 10. O-O f5 11. f4 e4 12. d3 exd3 13. Qxd3 Nc5 14. Qc2 Re8 15. h3 a6 16. Nd4 axb5 17. cxb5 Kh8 18. Nb3 Nxb3 19. axb3 Bd7 20. Bxb7 Rb8 21. Bg2 Ng8 22. b4 Nf6 23. Bd2 d5 24. Rfc1 Re7 25. Rb3 Be8 26. Kh2 h5 27. Rd1 Bf7 28. Ra3 h4 29. gxh4 d4 30. exd4 Nh5 31. Qd3 Rd7 32. d5 Qxh4 33. Rf1 Re8 34. Ra7 Nf6 35. b6 cxb6 36. Rxd7 Nxd7 37. Nb5 Ra8 38. Bc3 Nf6 39. Kg1 Ra2 40. d6 Nd7 41. Bxg7+ Kxg7 42. Nd4 Qf6 43. Rf2 Ra1+ 44. Kh2 Qh4 45. Qc3 Kh7 46. Qxa1 Qxf2 47. Nf3 Qe3 48. Ng5+ Kg8 49. Nxf7 Qxf4+ 50. Kh1 Nf6 51. Qxf6 Qc1+ 52. Kh2 Qf4+ 53. Kg1 Qc1+ 54. Bf1 Qe3+ 55. Kh1 Qf2 56. Qxg6+ 1-0

[Event "Moscow RUS"]
[Site "Moscow RUS"]
[Date "1986.??.??"]
[Round "?"]
[White "Tal, Mikhail N"]
[Black "Jussupow, Artur M"]
[Result "0-1"]
[WhiteElo "2600"]
[BlackElo "2645"]
[PlyCount "80"]
[EventDate "1986.??.??"]
[Source "www.chesslib.no"]
[SourceDate "2004.05.04"]

1. c4 e5 2. g3 Nc6 3. Bg2 g6 4. Nc3 Bg7 5. e3 d6 6. Nge2 Nh6 7. d4 exd4 8. exd4 O-O 9. O-O Bg4 10. h3 Bxe2 11. Nxe2 Nf5 12. d5 Ne5 13. Qc2 Re8 14. Bf4 a5 15. Rae1 a4 16. Bd2 Qb8 17. Kh2 b5 18. cxb5 Qxb5 19. Nc3 Qd3 20. Qxd3 Nxd3 21. Rxe8+ Rxe8 22. g4 Nd4 23. Nxa4 Re2 24. Be3 Nxb2 25. Nxb2 Rxb2 26. Rd1 Nc2 27. a4 Nxe3 28. fxe3 Ra2 29. Rc1 Be5+ 30. Kg1 Rxa4 31. Rxc7 Ra2 32. Rb7 Bg3 33. e4 Kg7 34. Rb3 Be5 35. Kf1 Bd4 36. Bf3 Kf6 37. Be2 Kg5 38. Rb7 f6 39. Rxh7 Ra1+ 40. Kg2 Re1 0-1

[Event "Debrecen"]
[Site "?"]
[Date "1992.??.??"]
[Round "?"]
[White "Sokolov, I."]
[Black "Chernin, A."]
[Result "1/2-1/2"]
[WhiteElo "2625"]
[BlackElo "2600"]
[PlyCount "47"]
[EventDate "1992.??.??"]
[Source "ChessBase"]
[SourceDate "1993.02.01"]

1. c4 e5 2. Nc3 Nc6 3. g3 g6 4. Bg2 Bg7 5. e3 d6 6. Nge2 h5 7. d4 h4 8. d5 Nce7 9. e4 f5 10. Bg5 h3 11. Bf3 Bf6 12. Bxf6 Nxf6 13. Qd2 Kf8 14. O-O Neg8 15. Nc1 Nh6 16. Nd3 Kg7 17. Bh1 Nf7 18. Rae1 Bd7 19. f4 Qe7 20. c5 Rae8 21. fxe5 dxe5 22. b4 b6 23. Re2 Rhf8 24. Rfe1 1/2-1/2

[Event "Roquebrune"]
[Site "Roquebrune"]
[Date "1992.??.??"]
[Round "?"]
[White "Ljubojevic, Ljubomir"]
[Black "Korchnoi, Viktor L"]
[Result "1-0"]
[WhiteElo "2610"]
[BlackElo "2585"]
[PlyCount "87"]
[EventDate "1992.02.??"]
[Source "www.chesslib.no"]
[SourceDate "2004.05.04"]

1. c4 e5 2. Nc3 Nc6 3. g3 g6 4. Bg2 Bg7 5. Rb1 a5 6. a3 Nge7 7. d3 O-O 8. e3 d6 9. Nge2 Be6 10. Nd5 Qd7 11. O-O Nc8 12. Nec3 Nd8 13. Ne4 f6 14. Ndc3 Nf7 15. Nd2 c6 16. d4 d5 17. cxd5 cxd5 18. Nb3 e4 19. Nc5 Qc6 20. Qb3 f5 21. Nxe6 Qxe6 22. Qxd5 Qxd5 23. Nxd5 Ncd6 24. b3 Rfd8 25. a4 Kf8 26. Ba3 Rac8 27. Rfc1 Rc6 28. Bf1 Ke8 29. Nc7+ Kd7 30. Nb5 Rdc8 31. Rc5 Rxc5 32. Bxc5 Bf8 33. Bb6 Ra8 34. Nc7 Rc8 35. Nd5 Ke6 36. Nf4+ Kd7 37. Bxa5 Rc2 38. Nd5 Nc8 39. Bb5+ Ke6 40. Bc4 Kd7 41. Nf6+ Kc6 42. Bxf7 b6 43. Be1 Nd6 44. Bd5+ 1-0

[Event "Monaco"]
[Site "Monaco MNC"]
[Date "1993.??.??"]
[Round "?"]
[White "Ljubojevic, Ljubomir"]
[Black "Piket, Jeroen"]
[Result "1/2-1/2"]
[WhiteElo "2605"]
[BlackElo "2590"]
[PlyCount "89"]
[EventDate "1993.??.??"]
[Source "www.chesslib.no"]
[SourceDate "2004.05.04"]

1. c4 e5 2. Nc3 Nc6 3. g3 g6 4. Bg2 Bg7 5. Rb1 a5 6. a3 Nf6 7. e3 O-O 8. Nge2 d6 9. d3 Ne7 10. O-O c6 11. e4 Be6 12. f4 Ng4 13. Kh1 f5 14. h3 Nf6 15. b3 exf4 16. Nxf4 Bf7 17. Bb2 Qd7 18. Qd2 Rae8 19. Rbd1 h6 20. Qc1 g5 21. Nfe2 Bg6 22. Kh2 Nc8 23. exf5 Bxf5 24. g4 Bxg4 25. hxg4 Qxg4 26. Kg1 Qh4 27. Rxf6 Rxf6 28. Ne4 Rxe4 29. dxe4 Qf2+ 30. Kh1 Qxe2 31. Bxf6 Bxf6 32. Qd2 Qh5+ 33. Kg1 Be5 34. Kf1 a4 35. Qe2 Qxe2+ 36. Kxe2 axb3 37. Rd3 Nb6 38. Rxb3 Nxc4 39. Rxb7 Nxa3 40. Bh3 Nb5 41. Bg4 Kf8 42. Kd3 Kg8 43. Bh5 Kf8 44. Bg4 Kg8 45. Bd1 1/2-1/2

[Event "Nordic zt"]
[Site "NOR"]
[Date "1992.??.??"]
[Round "4"]
[White "Petursson, Margeir"]
[Black "Agdestein, Simen"]
[Result "0-1"]
[WhiteElo "2565"]
[BlackElo "2620"]
[PlyCount "232"]
[EventDate "1992.??.??"]
[Source "ChessBase"]

1. c4 e5 2. Nc3 Nc6 3. g3 g6 4. Bg2 Bg7 5. e3 h5 6. Nf3 d6 7. d4 exd4 8. Nxd4 Nge7 9. O-O Bg4 10. Nxc6 bxc6 11. Qc2 Qd7 12. h4 Bh3 13. Bxh3 Qxh3 14. Qe4 Rb8 15. Ne2 Qg4 16. Qxg4 hxg4 17. Rb1 c5 18. b3 Nc6 19. Kg2 Kd7 20. Nf4 a5 21. Rh1 a4 22. Bd2 axb3 23. axb3 Ra8 24. Nd3 Ra2 25. Rhd1 Ne5 26. Bc3 Nxd3 27. Rxd3 Bxc3 28. Rxc3 Rha8 29. Rcc1 R8a3 30. h5 gxh5 31. Rh1 Ke6 32. Rxh5 Re2 33. Rh8 Raa2 34. Rf1 Rab2 35. Re8+ Kd7 36. Re4 Rxb3 37. Rh1 Rbb2 38. Rf4 Rxe3 39. Rxf7+ Re7 40. Rf4 Rg7 41. Rh4 c6 42. Rhxg4 Rxg4 43. Rxg4 d5 44. Rf4 Ke6 45. g4 Ke5 46. Rf8 dxc4 47. Kf3 c3 48. Ke3 c4 49. Ra8 Rb1 50. f4+ Kd5 51. Ra2 Rg1 52. g5 Rg3+ 53. Kf2 Rh3 54. Kg2 Rd3 55. g6 Rd2+ 56. Rxd2+ cxd2 57. g7 d1=Q 58. g8=Q+ Kc5 59. Qf8+ Kb5 60. Qb8+ Ka4 61. Qa7+ Kb3 62. Qb6+ Kc2 63. Qf2+ Qd2 64. Qxd2+ Kxd2 65. f5 c3 66. f6 c2 67. f7 c1=Q 68. f8=Q Qc3 69. Kh1 Qh3+ 70. Kg1 Qe3+ 71. Kh1 Qh3+ 72. Kg1 Qe3+ 73. Kh1 c5 74. Qf2+ Kd3 75. Qf1+ Kc3 76. Qf6+ Kb3 77. Qb6+ Kc2 78. Qg6+ Kc1 79. Qa6 Qe4+ 80. Kg1 Qd4+ 81. Kf1 c4 82. Qa3+ Qb2 83. Qe3+ Kb1 84. Qe4+ Qc2 85. Qb7+ Qb3 86. Qf7 Qd1+ 87. Kf2 c3 88. Qc4 Qc1 89. Kg2 Qb2+ 90. Kf1 c2 91. Qe4 Qc1+ 92. Ke2 Qd1+ 93. Kf2 Kc1 94. Qc4 Qd2+ 95. Kf3 Qa5 96. Ke2 Qe5+ 97. Kd3 Qd6+ 98. Ke2 Qe7+ 99. Kd3 Qa3+ 100. Ke2 Kb1 101. Qe4 Qa6+ 102. Kd2 Qd6+ 103. Ke2 Kb2 104. Qb7+ Kc1 105. Qe4 Qd2+ 106. Kf1 Qc3 107. Qd5 Kb2 108. Qb5+ Ka3 109. Qa6+ Kb3 110. Qb6+ Qb4 111. Qe3+ Qc3 112. Qb6+ Qb4 113. Qe3+ Kb2 114. Qe2 Qf4+ 115. Kg1 Kc3 116. Qe1+ Kd3 0-1

[Event "X Open"]
[Site "Dubai EAU"]
[Date "2008.04.13"]
[Round "8"]
[White "Drozdovskij, Yuri"]
[Black "Arutinian, David"]
[Result "1/2-1/2"]
[WhiteElo "2581"]
[BlackElo "2593"]
[PlyCount "28"]
[EventDate "2008.04.07"]
[Source "www.chesslib.no"]
[SourceDate "2004.05.04"]

1. c4 e5 2. Nc3 Nc6 3. g3 g6 4. Bg2 Bg7 5. Nf3 Nf6 6. O-O O-O 7. d4 exd4 8. Nxd4 Nxd4 9. Qxd4 d6 10. Qd2 Rb8 11. b3 a6 12. Bb2 b5 13. cxb5 axb5 14. Nd5 Nxd5 1/2-1/2

[Event "George Marx mem 2nd"]
[Site "Paks"]
[Date "2004.06.07"]
[Round "3"]
[White "Berkes, Ferenc"]
[Black "Acs, Peter"]
[Result "1/2-1/2"]
[WhiteElo "2613"]
[BlackElo "2548"]
[PlyCount "91"]
[EventDate "2004.05.05"]
[SourceDate "2004.06.16"]

1. c4 e5 2. g3 Nc6 3. Bg2 g6 4. Nc3 Bg7 5. e3 d6 6. Nge2 h5 7. d4 exd4 8. exd4 h4 9. Be3 Nh6 10. Qd2 h3 11. Be4 Bf5 12. f3 Bxe4 13. fxe4 Ng4 14. O-O-O Qd7 15. Nf4 O-O 16. Rhf1 Rfe8 17. Bg1 Nf6 18. Rde1 a6 19. Kb1 b5 20. Nfd5 Nxd5 21. Nxd5 bxc4 22. Qc3 a5 23. Qxc4 Nb4 24. Nf4 Qc6 25. Qb3 Rxe4 26. a3 Qe8 27. Bf2 Nc6 28. Qd5 Rxe1+ 29. Rxe1 Qd7 30. Nxg6 Re8 31. Rxe8+ Qxe8 32. Nf4 Nxd4 33. Bxd4 c6 34. Qxd6 Qe4+ 35. Ka2 Bxd4 36. Qd8+ Kg7 37. Qg5+ Kh7 38. Qh4+ Kg8 39. Qxh3 Bg7 40. Qc8+ Kh7 41. Qa6 Qe5 42. Qe2 Qb8 43. b3 Kg8 44. Nd3 Qd8 45. Nb2 Qd4 46. Kb1 1/2-1/2

[Event "Open"]
[Site "Porto San Giorgo"]
[Date "2003.08.28"]
[Round "8"]
[White "Rotstein, Arkadij"]
[Black "Miladinovic, Igor"]
[Result "1/2-1/2"]
[WhiteElo "2544"]
[BlackElo "2609"]
[PlyCount "250"]
[EventDate "2003.08.21"]
[Source "Roberto Alvarez"]
[SourceDate "2003.09.01"]

1. c4 e5 2. g3 Nc6 3. Bg2 g6 4. Nc3 Bg7 5. Rb1 a5 6. a3 Nf6 7. b4 axb4 8. axb4 O-O 9. e3 Re8 10. Nge2 Nd4 11. O-O Nxe2+ 12. Qxe2 c6 13. Bb2 d5 14. cxd5 cxd5 15. Ra1 Rb8 16. Nb5 Qb6 17. Rfc1 Bg4 18. Qf1 Ne4 19. Nc7 Nxd2 20. Nxd5 Qe6 21. Qb5 Red8 22. e4 Nb3 23. h3 Nxc1 24. Rxc1 Qd7 25. Qc5 b6 26. Nxb6 Qd2 27. Nc4 Qxb4 28. Qxb4 Rxb4 29. hxg4 Rc8 30. Nd2 Rxc1+ 31. Bxc1 Ra4 32. Nf1 Bf8 33. Be3 h6 34. Bf3 Kg7 35. Kg2 Rc4 36. Nd2 Rc3 37. Be2 Bc5 38. Nb1 Rb3 39. Bxc5 Rxb1 40. Bd6 f6 41. Bc4 g5 42. Bd5 Rc1 43. Kf3 Rc3+ 44. Ke2 Rc2+ 45. Ke3 Rb2 46. Bc5 Rc2 47. Ba7 Kg6 48. Kd3 Rc1 49. Be3 Rc7 50. Bc4 h5 51. gxh5+ Kxh5 52. Be6 Kg6 53. Bf5+ Kf7 54. Ke2 Rb7 55. Kf3 Rb4 56. Kg4 Ra4 57. Kh5 Kg7 58. Kg4 Kf7 59. Kf3 Rb4 60. Bd7 Rc4 61. Bb5 Rb4 62. Bc6 Kg6 63. Kg4 Rb8 64. Ba7 Rc8 65. Bb5 Ra8 66. Bc5 Rc8 67. Bd6 Rd8 68. Be7 Rb8 69. Bc4 Rc8 70. Be6 Rb8 71. Bd6 Rd8 72. Bf5+ Kf7 73. Bc5 Ra8 74. f4 gxf4 75. gxf4 exf4 76. Kxf4 Ra5 77. Bd4 Ra4 78. Be3 Ra5 79. Bd7 Rh5 80. Bc6 Ra5 81. Bd4 Rh5 82. Bd5+ Kg6 83. Bb6 Rh3 84. Bc5 Rc3 85. Bb4 Rd3 86. Be6 Rd4 87. Bc5 Rd2 88. Ke3 Rd8 89. Bd4 Re8 90. Bf5+ Kf7 91. Kd3 Ra8 92. Kc4 Ra2 93. Bc5 Rd2 94. Kb5 Rd1 95. Kc6 Rd2 96. Bd6 Re2 97. Kd7 Re1 98. Be6+ Kg6 99. Bd5 Ra1 100. Bc5 Ra5 101. Kd6 Ra6+ 102. Ke7 Ra4 103. Bf2 Kg5 104. Be3+ Kg6 105. Bc6 Rc4 106. Kd6 Rc3 107. Bc5 Kg5 108. Bd5 Kg6 109. Bb4 Rc8 110. Ke6 Re8+ 111. Be7 Rb8 112. Bd6 Rb6 113. Ke7 Ra6 114. Bc5 Ra4 115. Bc6 Rc4 116. Kd6 Rc1 117. Bd5 Ra1 118. Ke7 Ra4 119. Bb6 Kg7 120. Bf2 Kg6 121. Bc6 Rb4 122. Ke6 R 4 123. Be8+ Kg7 124. Kf5 Rc8 125. Bd7 Rc7 1/2-1/2

[Event "Donner Memorial Open"]
[Site "Amsterdam NED"]
[Date "1995.??.??"]
[Round "9"]
[White "Hodgson, Julian M"]
[Black "Stefansson, Hannes H"]
[Result "1/2-1/2"]
[WhiteElo "2615"]
[BlackElo "2530"]
[PlyCount "71"]
[EventDate "1995.08.??"]
[Source "www.chesslib.no"]
[SourceDate "2004.05.04"]

1. c4 e5 2. g3 Nc6 3. Bg2 g6 4. Nc3 Bg7 5. Rb1 a5 6. a3 f5 7. d3 Nf6 8. Bg5 Nd4 9. e3 Ne6 10. Bxf6 Qxf6 11. Nge2 O-O 12. O-O d6 13. f4 c6 14. Qd2 Bd7 15. b4 axb4 16. axb4 g5 17. fxe5 dxe5 18. Be4 f4 19. Bg2 h5 20. Ne4 Qe7 21. Kh1 Bh6 22. c5 fxg3 23. N2xg3 Ng7 24. Nd6 h4 25. Nge4 g4 26. Kg1 Nf5 27. Nxf5 Bxf5 28. Qe2 Qg7 29. b5 g3 30. bxc6 bxc6 31. hxg3 Bxe4 32. Rxf8+ Rxf8 33. Bxe4 Qxg3+ 34. Qg2 Bxe3+ 35. Kh1 Rf2 36. Rg1 1/2-1/2

[Event "6th Dubai Open"]
[Site "Dubai"]
[Date "2004.04.26"]
[Round "8.9"]
[White "Gagunashvili, Merab"]
[Black "Ulibin, Mikhail"]
[Result "1/2-1/2"]
[WhiteElo "2562"]
[BlackElo "2579"]
[PlyCount "157"]
[EventDate "2004.04.19"]
[Source "Roberto Alvarez"]
[SourceDate "2004.05.03"]

1. c4 e5 2. Nc3 Nc6 3. g3 g6 4. Bg2 Bg7 5. Rb1 a5 6. d3 f5 7. e3 Nf6 8. Nge2 O-O 9. O-O d6 10. b3 Rb8 11. Bb2 Ne7 12. d4 e4 13. d5 Ng4 14. Nb5 Bxb2 15. Rxb2 Ne5 16. Nbd4 g5 17. f3 exf3 18. Nxf3 Nxf3+ 19. Bxf3 Ng6 20. Nd4 Qe7 21. Qd3 Bd7 22. Re2 Ne5 23. Qc2 Rf6 24. Bg2 Rbf8 25. Bh3 g4 26. Bg2 Ng6 27. Qd2 b6 28. Ref2 Qe5 29. Ne2 Re8 30. e4 Ref8 31. Qg5 R6f7 32. Nf4 fxe4 33. Qxe5 dxe5 34. Nxg6 Rxf2 35. Nxf8 Rxf1+ 36. Kxf1 Kxf8 37. Bxe4 h6 38. a3 Ke7 39. Ke2 Kd6 40. b4 axb4 41. axb4 Be8 42. Ke3 Bd7 43. Bc2 Be8 44. Bh7 Ba4 45. Kd3 Bd1 46. Bg8 Bf3 47. Ke3 Bd1 48. Bf7 Bc2 49. Be8 Bb3 50. Kd3 Bd1 51. Kd2 Bf3 52. Ke3 Bd1 53. Bh5 Bf3 54. h3 b5 55. hxg4 Bg2 56. c5+ Kxd5 57. Bf7+ Kc6 58. Be8+ Kd5 59. Bxb5 Bh1 60. Bd3 Bg2 61. Bb5 Bh1 62. Ba6 Kc6 63. Bc4 Bg2 64. Kd3 Bf3 65. Be6 Kb5 66. Kc3 Kc6 67. Bc8 Be2 68. Kd2 Bc4 69. Bf5 Kd5 70. Ke3 Bb5 71. Bb1 Kc4 72. Ke4 Kxb4 73. Kxe5 Kxc5 74. Kf6 Kd4 75. Kg7 Be2 76. Bf5 Ke3 77. Kxh6 Bxg4 78. Bxg4 Kf2 79. Bd7 1/2-1/2

[Event "Szirak"]
[Site "Szirak"]
[Date "1986.??.??"]
[Round "?"]
[White "Suba, Mihai"]
[Black "Romanishin, Oleg M"]
[Result "1/2-1/2"]
[WhiteElo "2580"]
[BlackElo "2560"]
[PlyCount "30"]
[EventDate "1986.09.??"]
[Source "ChessBase"]

1. c4 e5 2. g3 Nc6 3. Nc3 g6 4. Bg2 Bg7 5. Rb1 Nf6 6. b4 O-O 7. d3 Ne7 8. Qb3 a5 9. b5 d6 10. Nf3 Nd7 11. Ba3 Rb8 12. O-O b6 13. Qd1 Bb7 14. e3 Nf5 15. Nd5 Ne7 1/2-1/2

[Event "Anibal Open, Linares ESP"]
[Site "?"]
[Date "2001.??.??"]
[Round "10"]
[White "Franco Ocampos, Z."]
[Black "Akopian, V."]
[Result "0-1"]
[WhiteElo "2480"]
[BlackElo "2655"]
[PlyCount "36"]
[EventDate "2001.??.??"]
[Source "www.chesslib.no"]
[SourceDate "2004.05.04"]

1. c4 e5 2. g3 Nc6 3. Bg2 g6 4. Nc3 Bg7 5. e4 d6 6. Nge2 Nge7 7. O-O h5 8. h4 Nd4 9. Nxd4 exd4 10. Ne2 g5 11. hxg5 d3 12. Nf4 h4 13. Nh5 Bd4 14. Nf6+ Kf8 15. gxh4 Ng6 16. h5 Nf4 17. Qf3 Ne2+ 18. Kh1 Bxf6 0-1

[Event "Valle d'Aosta op 11th"]
[Site "?"]
[Date "2003.02.14"]
[Round "7"]
[White "Rotstein Arkadij"]
[Black "Atalik Suat"]
[Result "1-0"]
[WhiteElo "2544"]
[BlackElo "2581"]
[PlyCount "125"]
[EventDate "2003.??.??"]
[Source "www.chesslib.no"]
[SourceDate "2004.05.04"]

1. c4 e5 2. g3 Nc6 3. Bg2 g6 4. Nc3 Bg7 5. Rb1 a5 6. a3 f5 7. d3 Nf6 8. e3 O-O 9. Nge2 Ne7 10. O-O c6 11. d4 d6 12. b4 axb4 13. axb4 Be6 14. c5 e4 15. cxd6 Qxd6 16. b5 Bc4 17. bxc6 bxc6 18. Bd2 Ned5 19. Re1 Rfb8 20. Rxb8+ Qxb8 21. Bf1 Nb4 22. Nf4 Bf7 23. h4 Bf8 24. Qb1 Ra3 25. d5 Qd6 26. Rd1 Nbxd5 27. Ncxd5 Nxd5 28. Bc1 Ra8 29. Bc4 Qb4 30. Qc2 Qc3 31. Qxc3 Nxc3 32. Bxf7+ Kxf7 33. Rd7+ Ke8 34. Rxh7 Ra1 35. Nxg6 Rxc1+ 36. Kg2 Bc5 37. h5 Rc2 38. h6 Nd5 39. Rh8+ Kf7 40. Ne5+ Kf6 41. Rc8 Nxe3+ 42. Kh3 Rc1 43. Kh2 Nf1+ 44. Kg2 Rc2 45. Nd7+ Kg6 46. Rxc6+ Kh7 47. Kxf1 Rc1+ 48. Ke2 Be3 49. Nf8+ Kh8 50. Rf6 Bg5 51. Rxf5 Rc2+ 52. Kf1 Rc1+ 53. Kg2 Bxh6 54. Rh5 Rc6 55. Nd7 Kg7 56. Re5 e3 57. f4 Rc3 58. Re7+ Kg6 59. Re6+ Kg7 60. Ne5 Rc2+ 61. Kf3 e2 62. Ng4 Rc3+ 63. Kxe2 1-0

[Event "Elista ol (Men)"]
[Site "Elista"]
[Date "1998.10.04"]
[Round "6"]
[White "Sorokin, Maxim"]
[Black "Miladinovic, Igor"]
[Result "1/2-1/2"]
[WhiteElo "2570"]
[BlackElo "2555"]
[PlyCount "30"]
[EventDate "1998.09.29"]
[Source "ChessBase"]
[SourceDate "1998.11.06"]

1. c4 e5 2. g3 Nc6 3. Nc3 g6 4. Bg2 Bg7 5. Nf3 d6 6. Rb1 a5 7. a3 Nf6 8. d3 O-O 9. Bg5 Nd4 10. Nd2 Ne6 11. Bxf6 Bxf6 12. b4 axb4 13. axb4 c6 14. b5 Ra3 15. Nb3 Nd4 1/2-1/2

[Event "Leeuwarden Open"]
[Site "Leeuwarden NED"]
[Date "1995.??.??"]
[Round "7"]
[White "Lobron, Eric"]
[Black "Gleizerov, Evgeny"]
[Result "0-1"]
[WhiteElo "2575"]
[BlackElo "2545"]
[PlyCount "80"]
[EventDate "1995.08.??"]
[Source "www.chesslib.no"]
[SourceDate "2004.05.04"]

1. c4 e5 2. Nc3 Nc6 3. g3 g6 4. Bg2 Bg7 5. Rb1 a5 6. a3 Nf6 7. d3 O-O 8. b4 axb4 9. axb4 Ne7 10. e4 c6 11. Nf3 d5 12. O-O d4 13. Ne2 Ne8 14. Nd2 f5 15. exf5 gxf5 16. f4 e4 17. Bb2 Nf6 18. Ra1 Rb8 19. h3 exd3 20. Nc1 Ne4 21. Kh2 Nxd2 22. Qxd2 Be6 23. Qxd3 b5 24. cxb5 cxb5 25. Rd1 Rb6 26. Ra7 Nc6 27. Rxg7+ Kxg7 28. Ne2 Bc4 29. Qf3 Kg8 30. Nxd4 Nxd4 31. Rxd4 Rd6 32. Rxc4 bxc4 33. Qc3 Qf6 34. Qxc4+ Qe6 35. Qc3 Qf6 36. Qc2 Qf7 37. Bf1 Rfd8 38. Bg2 Rd2 39. Qc3 Rxg2+ 40. Kxg2 Qd5+ 0-1

[Event "Ankara zt"]
[Site "Ankara"]
[Date "1995.??.??"]
[Round "8"]
[White "Anastasian, Ashot"]
[Black "Giorgadze, Giorgi"]
[Result "1-0"]
[WhiteElo "2530"]
[BlackElo "2590"]
[PlyCount "171"]
[EventDate "1995.??.??"]
[Source "ChessBase"]

1. c4 e5 2. g3 Nc6 3. Bg2 g6 4. Nc3 Bg7 5. Rb1 Nf6 6. d3 O-O 7. Nf3 d5 8. cxd5 Nxd5 9. Bg5 Nde7 10. b4 h6 11. Bd2 Be6 12. O-O Nd4 13. Be3 Nef5 14. Qd2 Nxe3 15. Qxe3 Nf5 16. Qd2 Nd6 17. Qc2 Rc8 18. Qa4 c5 19. Nd2 c4 20. dxc4 Nxc4 21. Nxc4 Bxc4 22. Rfd1 Qb6 23. Nd5 Bxd5 24. Bxd5 Rc7 25. Rbc1 Re7 26. Bb3 e4 27. e3 Be5 28. Rd7 Bd6 29. Rxe7 Bxe7 30. b5 Kg7 31. Qxe4 Bf6 32. Qd5 h5 33. h3 Bb2 34. Rc2 Bf6 35. Kg2 Be7 36. Qd7 Bd6 37. Bd5 h4 38. g4 Bb8 39. Rc4 Qf6 40. Qxb7 g5 41. Rc8 Rxc8 42. Qxc8 Qd6 43. Qf5 f6 44. Qe6 Qxe6 45. Bxe6 Kf8 46. Kf3 Ke7 47. Bb3 Bh2 48. Ke4 Bg1 49. f3 Kd6 50. Kd4 Bf2 51. a4 Be1 52. f4 Ba5 53. Ke4 Bd2 54. Bd1 Kc5 55. Bc2 Kd6 56. Kf3 Kc5 57. Bg6 Kd6 58. Be8 Ke7 59. Bc6 Ke6 60. Ke2 Ba5 61. Kd3 Kd6 62. Ke2 Ke6 63. Bg2 Kd6 64. Kd3 Be1 65. Kd4 Ba5 66. Bd5 Be1 67. Bg2 Ba5 68. Bf3 Be1 69. e4 gxf4 70. e5+ fxe5+ 71. Ke4 Ke6 72. g5 Bc3 73. Bg4+ Kf7 74. Kf5 Kg7 75. Bf3 Kf7 76. Be4 Kg7 77. Kg4 Be1 78. a5 Bxa5 79. Kxh4 f3 80. Bxf3 Bd2 81. Kg4 Bf4 82. Be4 Be3 83. h4 Bf2 84. h5 Be3 85. h6+ Kf7 86. Kh5 1-0

[Event "Torino Scaccomatto op"]
[Site "Torino"]
[Date "2000.11.24"]
[Round "7"]
[White "Delchev, Aleksander"]
[Black "Gleizerov, Evgeny"]
[Result "1/2-1/2"]
[WhiteElo "2557"]
[BlackElo "2557"]
[PlyCount "195"]
[EventDate "2000.11.18"]
[Source "ChessBase"]
[SourceDate "2001.01.11"]

1. c4 e5 2. g3 Nc6 3. Bg2 g6 4. Nc3 Bg7 5. Rb1 a5 6. d3 d6 7. e3 Nf6 8. Nge2 O-O 9. O-O Be6 10. Nd5 Qd7 11. Nec3 h5 12. a3 h4 13. b4 axb4 14. axb4 hxg3 15. fxg3 Nh7 16. b5 Nd8 17. e4 Bg4 18. Qe1 f6 19. Be3 Rf7 20. Qd2 f5 21. Bh6 Ne6 22. Bxg7 Nxg7 23. exf5 Bxf5 24. Ne3 c6 25. Rf2 Qc7 26. Rbf1 Raf8 27. bxc6 bxc6 28. Ne4 Ne6 29. h4 Nd4 30. Nc2 Ne6 31. Nb4 Kg7 32. Kh2 Nd4 33. Nc2 Nxc2 34. Qxc2 Nf6 35. Nxf6 Rxf6 36. Qd2 R6f7 37. d4 Be6 38. Rxf7+ Rxf7 39. Rxf7+ Qxf7 40. c5 dxc5 41. dxc5 Bd5 42. Bxd5 cxd5 43. c6 d4 44. Qe2 Qc7 45. Qb5 d3 46. Qb7 Qxb7 47. cxb7 d2 48. b8=Q d1=Q 49. Qxe5+ Kh7 50. Kg2 Qd2+ 51. Kf3 Qd1+ 52. Ke3 Qc1+ 53. Kd3 Qd1+ 54. Kc4 Qa4+ 55. Kc5 Qd7 56. Kb6 Qd8+ 57. Kc6 Qc8+ 58. Kb5 Qb7+ 59. Kc4 Qc6+ 60. Kd4 Qb6+ 61. Kd3 Qb3+ 62. Ke2 Qc2+ 63. Kf3 Qd1+ 64. Kg2 Qd2+ 65. Kh3 Qd7+ 66. g4 Qd3+ 67. Kg2 Qd2+ 68. Kg3 Qd3+ 69. Kf4 Qd2+ 70. Qe3 Qd6+ 71. Kf3 Qf6+ 72. Kg3 Qd6+ 73. Qf4 Qd7 74. Qf3 Qd6+ 75. Kh3 Qd7 76. Qe4 Kg7 77. Kg3 Qc7+ 78. Kg2 Qd7 79. g5 Qd2+ 80. Kg3 Qc3+ 81. Kg4 Qc8+ 82. Kf4 Qf8+ 83. Ke3 Qf7 84. Qe5+ Kh7 85. Qd4 Qe6+ 86. Kd2 Qa2+ 87. Kd3 Qb3+ 88. Ke4 Qe6+ 89. Kf4 Qf7+ 90. Qf6 Qc4+ 91. Ke5 Qxh4 92. Qe7+ Kg8 93. Kf6 Qf2+ 94. Kxg6 Qc2+ 95. Kf6 Qf2+ 96. Kg6 Qc2+ 97. Kh6 Qh2+ 98. Kg6 1/2-1/2

[Event "07 Open"]
[Site "07 op Oberwart"]
[Date "1995.??.??"]
[Round "?"]
[White "Lerner, Konstantin Z"]
[Black "Dvoirys, Semen I"]
[Result "1-0"]
[WhiteElo "2560"]
[BlackElo "2550"]
[PlyCount "80"]
[EventDate "1995.??.??"]
[Source "www.chesslib.no"]
[SourceDate "2004.05.04"]

1. c4 e5 2. g3 Nc6 3. Bg2 g6 4. Nc3 Bg7 5. Rb1 a5 6. a3 Nf6 7. b4 axb4 8. axb4 O-O 9. b5 Nd4 10. e3 Nf5 11. Nge2 c6 12. Qb3 d5 13. cxd5 cxd5 14. Nxd5 Be6 15. e4 Nxd5 16. exd5 Bd7 17. O-O Ra5 18. Ba3 Re8 19. b6 Rb5 20. Qc4 Rxb6 21. Nc3 Ra6 22. Bc5 Qc8 23. Qb4 b6 24. Bxb6 Rf8 25. Qb3 Nd4 26. Bxd4 exd4 27. Ne4 Bf5 28. Rfc1 Qd7 29. d3 Rc8 30. Rc4 Bxe4 31. Bxe4 Ra3 32. Qb6 Rxc4 33. dxc4 Qg4 34. Re1 d3 35. Qb2 f5 36. h3 Qg5 37. d6 fxe4 38. Qxa3 Qd2 39. Rxe4 Qc2 40. Rd4 d2 1-0

[Event "Berliner Sommer"]
[Site "Berlin"]
[Date "1996.??.??"]
[Round "7"]
[White "Eingorn, Vereslav S"]
[Black "Kosten, Anthony C"]
[Result "1-0"]
[WhiteElo "2585"]
[BlackElo "2525"]
[PlyCount "121"]
[EventDate "1996.08.??"]
[Source "ChessBase"]

1. c4 e5 2. g3 Nc6 3. Bg2 g6 4. Nc3 Bg7 5. e3 h5 6. Nf3 d6 7. d4 exd4 8. Nxd4 Nge7 9. h3 O-O 10. O-O Bd7 11. Nxc6 bxc6 12. Bd2 Be6 13. b3 Qd7 14. Kh2 f5 15. h4 d5 16. cxd5 Nxd5 17. Rc1 Nf6 18. Ne2 Bd5 19. Bc3 Rad8 20. Bxf6 Rxf6 21. Nf4 Rd6 22. Qc2 Bxg2 23. Kxg2 Kh7 24. Qc5 a6 25. Qc4 a5 26. Qa4 Be5 27. Qxa5 Bxf4 28. gxf4 Qe7 29. Kg3 R8d7 30. Qa4 Qf6 31. Rc2 Re7 32. Qc4 Re4 33. Qe2 Qd8 34. Rfc1 Qd7 35. Qf3 Kh6 36. Rc5 Rde6 37. Kg2 Qd2 38. R5c2 Qd5 39. Rd1 Qb5 40. Rd7 Rd6 41. Rd2 Rxd2 42. Rxd2 c5 43. Qg3 Kg7 44. Qg5 Qc6 45. Kg1 Re8 46. Qg2 Re4 47. Qg5 Re8 48. Kh2 Qe6 49. Qg2 Qf6 50. Qg5 Qc6 51. Kg1 Re6 52. Qd8 Rd6 53. Qe7+ Kg8 54. Rxd6 cxd6 55. Qf6 Qf3 56. Qxg6+ Kh8 57. Qxd6 Qg4+ 58. Kf1 Qh3+ 59. Ke1 Qh1+ 60. Ke2 Qxh4 61. Qh6+ 1-0